[Event "Moscow Aeroflot op-A"]
[Site "Moscow"]
[Date "2005.02.17"]
[Round "3"]
[White "Ivanchuk, Vassily"]
[Black "Volkov, Sergey"]
[Result "1-0"]
[WhiteElo "2711"]
[BlackElo "2612"]
[Annotator "Finkel,A"]
[PlyCount "77"]
[EventDate "2005.02.15"]
[EventType "swiss"]
[EventRounds "9"]
[EventCountry "RUS"]
[SourceTitle "CBM 106"]
[Source "ChessBase"]
[SourceDate "2005.06.06"]
[SourceVersion "1"]
[SourceVersionDate "2005.06.06"]
[SourceQuality "1"]

1. e4 e6 2. d4 d5 3. Nc3 Nf6 4. Bg5 Bb4 5. Nge2 {Harmless continuation
promising white no opening advantage, but Ivanchuk obviously wasn't ready to
test Volkov's skills in the main lines of the McCutcheon variation!} dxe4 6. a3
Be7 7. Bxf6 Bxf6 8. Nxe4 Bd7 (8... O-O) (8... Be7) 9. g3 (9. Qd3 Bc6 10. O-O-O
Bxe4 11. Qxe4 Qd5 12. Qe3 O-O 13. Nc3 Qa5 14. Ne4 Nd7 15. h4 $14 {Bogoljubow,
E-Reti,R/New York 1924}) (9. N2g3 Bc6 10. c3 Nd7 11. Be2 O-O 12. O-O Be7 13. c4
Bxe4 14. Nxe4 Nf6 15. Nc3 Qd7 {1/2-1/2 Van der Fliert,W-Happel,H/Netherlands
1994/EXT 98 (15)}) 9... Bc6 10. Bg2 Bxe4 (10... Be7 11. O-O Nd7 12. c4 Bxe4 13.
Bxe4 c6 14. Qc2 Nf6 15. Bg2 O-O $11 {Canal,E-Rethy,P/Budapest 1933}) 11. Bxe4
c6 12. c3 Nd7 13. Qc2 Qb6 14. O-O g6 {Preparing to castle kingside.} 15. Rad1
Bg7 16. h4 Nf6 (16... O-O 17. h5 Nf6 18. hxg6 hxg6 19. Bf3 Rfe8 20. Nf4 e5 $11)
17. Bf3 h6 $6 {Untill his move black was playing very accurately, but this
attempt to complicate the position is hardly justified.} 18. Nf4 g5 19. hxg5
hxg5 20. Nd3 Nd7 (20... O-O-O 21. Ne5 Qc7 22. b4) 21. b4 Qc7 22. Rfe1 Bf6 23.
b5 $1 $36 {Starting to disturb the king both on the queenside and in the
center.} cxb5 24. d5 {[%cal Ge1e8]} O-O-O (24... e5 25. d6 Qb6 26. Nb4 $36 {
[%cal Gc2f5,Gb4d5]}) (24... Qxc3 25. Qb1 e5 26. Qxb5 Rd8 27. Bg4 $16) 25. dxe6
fxe6 26. Rxe6 {[%cal Gd3b4,Gb4d5]} Bd4 {[%cal Gc7g3]} (26... Rhf8 $5) 27. Kg2
g4 $2 (27... Nc5 $6 28. Re7 $1 (28. Nxc5 Bxc5 29. Qf5 Kb8 30. Rxd8+ Rxd8 31.
Re5 $16) 28... Qxe7 $140 29. cxd4 $18 {[%cal Gc2c8]}) (27... Bb6 28. Nb4 Nc5
29. Ree1 $5 (29. Rxd8+ Rxd8 30. Rg6 Qe5) 29... Rxd1 30. Rxd1 Qh7 (30... Qf7)
31. Qxh7 Rxh7 32. Nd5 Bd8 $14) 28. Bxg4 Kb8 29. Nb4 $18 Ne5 {Transposing into
an endgame with no chances of survival, but it seems that there was no way
back.} 30. Rxd4 Rxd4 31. cxd4 Nxg4 32. Qxc7+ Kxc7 33. Rg6 Nh6 34. Rg7+ Kb6 35.
g4 {[%csl Rh6]} a5 36. Nd5+ Kc6 37. Ne7+ Kc7 38. g5 Ng4 39. Kg3 1-0

[Event "Olympiad-36"]
[Site "Mallorca"]
[Date "2004.10.15"]
[Round "1"]
[White "Gashimov, Vugar"]
[Black "Berend, Fred"]
[Result "1-0"]
[WhiteElo "2586"]
[BlackElo "2378"]
[Annotator "Finkel,A"]
[PlyCount "63"]
[EventDate "2004.10.15"]
[EventType "team-swiss"]
[EventRounds "14"]
[EventCountry "ESP"]
[SourceTitle "CBM 104"]
[Source "ChessBase"]
[SourceDate "2005.01.27"]
[SourceVersion "1"]
[SourceVersionDate "2005.01.27"]
[SourceQuality "1"]
[WhiteTeam "Azerbaijan"]
[BlackTeam "Luxembourg"]
[WhiteTeamCountry "AZE"]
[BlackTeamCountry "LUX"]

1. e4 e6 2. d4 d5 3. Nc3 Nf6 4. Bg5 Bb4 5. e5 h6 6. Bd2 Bxc3 7. bxc3 Ne4 8. Qg4
g6 9. Bd3 Nxd2 10. Kxd2 c5 11. Nf3 {Another popular plan is the immediate} (11.
h4 {keeping the knight on g1 not to disturb an advance of an f-pawn after h5
and ...g5 are played.}) 11... Nc6 12. Rhb1 Qc7 (12... c4 13. Be2 b6 14. h4 Bd7
15. Nh2 Qe7 16. h5 $6 O-O-O 17. hxg6 f6 $1 {Sutovsky,E-Daly,C/Port Erin 1999})
13. Qh4 (13. Qf4 cxd4 (13... f5 14. h4 Bd7 15. g4 O-O-O 16. gxf5 gxf5 17. Rg1
cxd4 18. cxd4 Qa5+ 19. c3 $16 {Kasimdzhanov,R-Galli,J/Corsica 1997}) 14. cxd4
f5 15. h4 Bd7 16. a4 O-O-O 17. Ke2 Kb8 18. Ra3 Rdg8 19. Rh1 Qd8 $132 {Polgar,
J-Knaak,R/Dortmund 1990}) 13... Qe7 $5 {Quite interesting idea. Black is
initiating the trade hoping to get counterchances in the endgame. Despite of a
quick and painfull loss by black, the move in the game definitly has a right
to exist.} (13... Bd7 14. Qf6 Rg8 15. h4 Rc8 16. h5 gxh5 17. Bh7 Rf8 18. dxc5
Na5 19. Ke2 Qxc5 20. Kf1 $36 {Fedorowicz,J-Cox,J/Hamar 1982}) (13... cxd4 14.
cxd4 Bd7 (14... Na5 15. Qf6 Rg8 16. a4 Bd7 17. h4 Rc8 18. Ke2 Qd8 19. Qf4 Rh8
20. Nh2 h5 21. Nf3 $14 {Vlcek,S-Lednicky,M/Slovakia 2003}) 15. Qf6 Rg8 16. h4
Rc8 17. Ke2 Na5 18. Rb4 b6 19. Kf1 Qc3 20. Rab1 $16 {Jepson,C-Larsson,P/Sweden
1993}) (13... c4 14. Be2 Qe7 15. Qf6 $5 Qxf6 16. exf6 Kd7 17. Ne5+ Nxe5 18.
dxe5 Kc7 19. g4 Bd7 20. h4 b6 21. f4 $16 {Serban,F-Bergmann,M/IECC email 2003})
14. Qxe7+ Kxe7 15. dxc5 Rd8 {It's important to put a rook on d8 before ...f6
is played.} (15... f5 $6 16. exf6+ (16. Bb5 Na5 17. Nd4 Bd7 18. Kd3 Rhd8 $14)
16... Kxf6 17. c4 Rd8 (17... d4 $6 18. Be4 e5 19. c3 Rd8 20. cxd4 Nxd4 21. Ke3
Nf5+ 22. Ke2 Nd4+ 23. Nxd4 Rxd4 24. Bd5 $16) 18. cxd5 Rxd5 19. Rb5 a6 20. Rb6
Rxc5 21. Be4 $14) 16. Rb2 g5 17. h3 Rd7 $6 {This move is a mistake which
results in a loss, though not without very precise and inventive play by the
Azerian grandmaster!} (17... f6 18. exf6+ Kxf6 19. Re1 (19. Bb5 e5 20. Re1 e4)
19... e5 20. Bb5 e4 21. Nd4 (21. Bxc6 exf3 22. Bxb7 Bxb7 23. Rxb7 fxg2 24. Rg1
Rdc8 25. Rxg2 Rxc5 26. Rg3 Ra5 $11) 21... Ne5 22. Bf1 $14) 18. Bb5 $1 {[%csl
Rc8] Very important move. All white wants to get is a "good" knight versus a
"bad" bishop. The idea is just a typical one for the French defence, however
black underestimated the strength of this manouvre.} Rc7 19. Bxc6 Rxc6 (19...
bxc6 20. Rab1 Ba6 21. Rb8 Rxb8 22. Rxb8 Rc8 (22... Bf1 23. Nh2 Bxg2 24. Ng4 {
[%csl Re7][%cal Gg4f6]} Rd7 25. Nxh6 $16) 23. Rxc8 Bxc8 24. Nd4 Kd7 25. c4 $16)
20. h4 $1 {Black is to accomplish development of his queenside pieces yet,
meanwhile white starts actions on the kingside, which are aimed to open up the
f-file for the white rooks.} g4 (20... gxh4 21. Rh1 Rxc5 22. Rxh4 b6 23. Rxh6
Ba6 24. Ng5 Rf8 25. f4 $14) 21. Nh2 h5 $6 {It was safer to play} (21... g3 22.
fxg3 f5 23. g4 Rxc5 24. gxf5 exf5 25. Nf3 b6 26. Nd4 $16 {even though white's
advantage is unquestionable.}) 22. f3 gxf3 23. Nxf3 $1 Rxc5 24. Ng5 $16 {
[%csl Rb7,Rf7][%cal Ga1f1] Black is one tempo too short to bring the bishop to
e8 in order to protect the pawn on f7.} f6 25. exf6+ Kxf6 26. Rf1+ Kg6 (26...
Kg7 27. Rxb7+ $1 Bxb7 28. Nxe6+ Kg6 29. Nxc5 $18) 27. Rf8 e5 28. Rb1 $18 {
[%csl Rg6]} Rc4 29. g3 a5 $6 (29... Rc7 30. Rbf1 Kg7 31. Rd8 $18) 30. Rbf1 Ra6
31. Rg8+ Kh6 32. Rf7 1-0

[Event "EU-ch 6th"]
[Site "Warsaw"]
[Date "2005.06.28"]
[Round "10"]
[White "Asrian, Karen"]
[Black "Volkov, Sergey"]
[Result "1-0"]
[WhiteElo "2611"]
[BlackElo "2634"]
[Annotator "Finkel,A"]
[PlyCount "143"]
[EventDate "2005.06.18"]
[EventType "swiss"]
[EventRounds "13"]
[EventCountry "POL"]
[SourceTitle "CBM 108"]
[Source "ChessBase"]
[SourceDate "2005.09.26"]
[SourceVersion "1"]
[SourceVersionDate "2005.09.26"]
[SourceQuality "1"]

1. e4 e6 2. d4 d5 3. Nc3 Nf6 4. Bg5 Bb4 5. e5 h6 6. Bd2 Bxc3 7. bxc3 Ne4 8. Qg4
Kf8 (8... g6) 9. Bd3 Nxd2 10. Kxd2 c5 11. Nf3 (11. h4) 11... c4 {One of the
most crucial continuations in ths line: black closes the center leaving white
with attacking chanses on the kingside while black tries to create counterplay
on the queenside pushing the b-pawn forward.} (11... Qa5 12. Qf4 Nc6 13. dxc5
Qxc5 14. Nd4 Nxd4 15. Qxd4 Qxd4 16. cxd4 Bd7 17. Rhb1 $14 {Brynell,S-Bagirov,V/
Leningrad 1989/CBM 14}) (11... Nc6 12. Qf4 Qe7 13. a3 Bd7 14. Rhb1 b6 15. Qe3
Na5 $1 $132 {Anand,V-Ivanchuk,V/Linares 1992/CBM 31}) 12. Be2 Nc6 13. a4 (13.
h4 b5 (13... Rb8 14. Qf4 b5 15. a3 a5 16. Qe3 Qe7 17. Rhb1 Bd7 18. g4 Be8 19.
h5 f6 $13 {Khan,A-Marinello,B/USA 1993/EXT 98}) 14. a3 Bd7 15. h5 a5 16. Rhb1
Rb8 17. Qf4 Ke7 18. g4 Qf8 19. Qe3 $14 {Christiansen,L-Kortschnoj,V/Reykjavik
2000/CBM 75}) 13... Bd7 (13... a6 14. Rhb1 Rb8 15. h4 b5 16. axb5 axb5 17. Qf4
Qe7 18. Qe3 (18. h5 b4 19. cxb4 Rxb4 20. Qe3 Qb7 21. Qa3 Ke8 22. Rxb4 Qxb4+ 23.
Qxb4 Nxb4 24. Nh4 $14 {Madl,I-Molnar,B/Hungary 2003}) 18... Ke8 19. h5 Kd8 20.
Ng1 b4 21. f4 Bd7 22. cxb4 Rxb4 23. Rxb4 Qxb4+ 24. Qc3 Qxc3+ 25. Kxc3 Kc7 $11 {
Khalifman,A-Short,N/Merida 2001}) 14. h4 ({More ambitious approach was
introduced by Shomoev:} 14. Qf4 Qe7 15. g4 Ke8 16. g5 hxg5 17. Nxg5 Qf8 18. Bg4
Rh4 19. Qg3 Rh6 20. h4 $14 {Shomoev,A-Kortschnoj,V/Copenhagen 2005}) 14... Be8
(14... a6 15. Qf4 b5 16. g4 b4 17. cxb4 Nxb4 18. c3 Nc6 19. Rhb1 Rb8 20. Bd1
$14 {Short,N-Morozevich,A/Germany 1998}) (14... Rb8 15. h5 a6 16. Qf4 b5 17.
axb5 axb5 18. Rhb1 Qe7 19. Qe3 (19. g4 Ke8 20. Qe3 Kd8 21. Ne1 Kc7 22. f4 Rb7
23. Ng2 Rhb8 24. Ke1 $14 {Gouliev,N-Bujisho,B/Nice 2004}) 19... Kg8 20. g4 b4
21. cxb4 Rxb4 22. c3 Rxb1 23. Rxb1 Qa3 24. Bd1 Kf8 $132 {Horvath,A-Czebe,A/
Budapest 2001}) 15. Qf4 Ke7 $1 {Bringing the king to the queenside is called
for.} 16. Rh3 Kd7 17. Rg3 Rg8 18. h5 Qa5 (18... Qb6 $5 19. Kc1 Qa5 20. Nh2 Ne7
21. Ng4 Rd8) 19. Nh2 Ne7 20. Kd1 $1 {[%cal Gf4c1,Gc1a3] Very nice way to
transpose a queen to the queenside.} Rd8 21. Qc1 Kc8 22. Qa3 Qc7 23. Bg4 Kb8
24. Nf1 Nc6 $6 {For some reason black is delaying f6 break permitting white to
regroup his pieces.} (24... Nf5 25. Rh3 f6 $13) 25. f4 Bd7 26. Kd2 Bc8 27. Nh2
f6 28. Re3 Qf7 $6 {Once again black prefers to refrain from active play on the
kingside, even though it looked very tempting:} (28... g5 $1 29. hxg6 Rxg6 30.
Bf3 fxe5 31. fxe5 Ne7) 29. Rf1 $1 $14 Ne7 30. Be2 Ka8 31. g4 f5 $6 {After a
move in the game black has no counterchances and is doomed to a passive
defense.} 32. g5 hxg5 33. fxg5 Rh8 34. Rh3 Rdf8 35. Nf3 {[%cal Gg5g6,Gf3g5]} g6
(35... f4 36. Nh4 {[%csl Rf4]}) 36. h6 Nc6 37. Nh4 {[%cal Gh4g2,Gg2f4,Ge2h5]}
Nb8 38. Ng2 $1 Nd7 39. Nf4 Re8 40. Rg1 Nf8 41. Qd6 Rh7 42. a5 Qd7 $6 (42... Re7
) 43. Qxd7 Bxd7 44. Bh5 $1 gxh5 45. Rxh5 Rb8 46. Rhh1 $1 {[%cal Gg5g6]} (46. g6
Nxg6 47. Rxg6 Be8 $11) 46... Be8 47. g6 Nxg6 48. Nxg6 Bf7 49. Nf4 Rbh8 50. Rh3
$1 {[%csl Gh3]} Kb8 51. Rg7 Rxg7 52. hxg7 Rxh3 53. Nxh3 Kc7 54. Nf4 Kc6 55. Nh5
Kb5 56. Ke3 $1 $18 {Well calculated march of the king.} (56. Nf6 Kxa5 57. g8=Q
Bxg8 58. Nxg8 Kb6 59. Ne7 Kc7 60. Ng6 Kd7 $14) 56... Kxa5 57. Kf4 Kb5 58. Kg5
a5 59. Kf6 Bg8 60. Ke7 a4 61. Nf6 a3 62. Nxg8 a2 63. Nf6 a1=Q 64. g8=Q Qxc3 65.
Qxe6 f4 66. Qd7+ Ka5 67. Qd8+ Kb5 68. Qe8+ Ka5 69. Qa8+ Kb5 70. Qxb7+ Ka5 71.
Qa7+ Kb5 72. Nxd5 1-0

[Event "FRA-chT Top 16 GpB"]
[Site "Port Barcares"]
[Date "2005.05.05"]
[Round "9"]
[White "Fressinet, Laurent"]
[Black "Vallin, Guillaume"]
[Result "1/2-1/2"]
[WhiteElo "2638"]
[BlackElo "2420"]
[Annotator "Finkel,A"]
[PlyCount "76"]
[EventDate "2005.05.04"]
[EventType "team"]
[EventRounds "11"]
[EventCountry "FRA"]
[SourceTitle "CBM 107"]
[Source "ChessBase"]
[SourceDate "2005.08.01"]
[SourceVersion "1"]
[SourceVersionDate "2005.08.01"]
[SourceQuality "1"]

1. e4 e6 2. d4 d5 3. Nc3 Nf6 4. Bg5 Bb4 5. e5 h6 6. Be3 Ne4 7. Qg4 Kf8 8. a3
Bxc3+ 9. bxc3 Nxc3 10. Bd3 c5 {Transposing into the main line of the variation.
The russian GM Sergei Volkov tried on a couple of occasions 10...Nc6, which
seems to be a reasonable alternative to 10...c5.} (10... Nc6 $5) 11. dxc5 Nc6
12. Nf3 Qa5 ({It's funny that} 12... f5 {is considered to be the most crucial
move.}) 13. O-O Bd7 (13... Na4 $2 14. Bd2 Nc3 15. Nd4 $18 {[%csl Rc3] Mokry,
K-Chinchilla,E/Dubai 1986}) (13... Qa4) 14. Rfe1 $6 {More in the spirit of the
position was} (14. a4 $5 {however Black shouldn't have too many problems after}
Qb4 $1 (14... Rb8 15. Ra3 Ne4 16. Bxe4 Qb4 17. Rd3 Qxe4 18. Qxe4 dxe4 19. Rxd7
exf3 20. Rb1 $16 {Shamkovich,L-Tsvetkov,A/Ulan Bator 1965}) 15. Qxb4 Nxb4 16.
Ra3 Nxa4 (16... Ne4 $6 17. a5 Ke7 18. Rb1 $14) 17. Rfa1 Nxd3 18. cxd3 b5 19.
cxb6 axb6 20. Bxb6 Kg8 21. Bc7 Kh7 22. Nd4 $14 {[%csl Ra4]}) 14... Qa4 $1 15.
Qh3 (15. Qxa4 $6 Nxa4 16. Rab1 Na5 17. Rb4 Ke7 18. Rg4 (18. Nd4 Nxc5 19. Nf5+
exf5 20. Bxc5+ Kd8 (20... Ke6 $2 21. g4 $1 fxg4 22. Rf4 $18 {[%cal Gd3f5]}) 21.
Rd4 Be6 $13) 18... Rag8 19. Rb1 f5 $132) 15... Kg8 16. Bd2 Ne4 17. Bxe4 dxe4
18. Qh4 Qxc2 19. Rxe4 ({Nothing promised} 19. Rac1 Qb2 20. Qxe4 Qxa3 21. Rb1
Rb8 22. Be3 Qa5 23. Red1 Qc7 $13 {[%cal Gc6e7,Gd7c6,Ge7f5]}) 19... Qxc5 20. Qg3
Ne7 $1 {[%cal Gd7c6,Ge7f5,Gg8h7]} 21. Bb4 Qc2 22. Ree1 Nf5 23. Qf4 a5 (23...
Qa4 $5 {[%cal Ga7a5]} 24. Qd2 Bc6 25. Qd3 Qb5 $15) 24. Bd6 g5 $1 (24... Bc6 $5
25. Rac1 Qd3 26. Red1 Qe4 27. Qxe4 Bxe4 28. Nd4 Nxd4 29. Rxd4 Bc6 $15) 25. Qg4
Rc8 {[%csl Gc1][%cal Gc8c4]} 26. h3 $5 {Interesting defensive decision.} Rc4
27. Rac1 Rxg4 $2 {Q After this move black keeps better chances, but White is
no longer in danger of a defeat. More convincing was} (27... Qxc1 $1 28. Rxc1
Rxc1+ 29. Kh2 Rc3 30. Qe4 Bc6 31. Qe1 Rc2 $17) 28. Rxc2 Ra4 29. g4 Nd4 (29...
Nxd6 $2 30. exd6 Rxa3 31. Ne5 Bc6 32. Rd1 Kg7 33. d7 Rd8 34. Rxc6 bxc6 35. Nxc6
$16) 30. Nxd4 Rxd4 31. Rc7 Bc6 32. Be7 Kh7 33. Bc5 Rc4 (33... Rf4 34. Be3 Rf3
35. Kh2 (35. Rxc6 $6 bxc6 36. Kg2 Rxe3 37. Rxe3 Rc8 38. Re4 c5 39. Ra4 c4 $19)
35... Rd8 36. Rc1 Kg6 $15) 34. Rxf7+ Kg8 35. Rf8+ Kg7 36. Rxh8 Kxh8 37. Be3 Rc3
38. Ra1 Kh7 $15 1/2-1/2

[Event "American Continental 2nd"]
[Site "Buenos Aires"]
[Date "2003.08.27"]
[Round "9"]
[White "Sagalchik, Gennadij"]
[Black "Nakamura, Hikaru"]
[Result "0-1"]
[WhiteElo "2491"]
[BlackElo "2568"]
[Annotator "Finkel,A"]
[PlyCount "76"]
[EventDate "2003.08.17"]
[EventType "swiss"]
[EventRounds "11"]
[EventCountry "ARG"]
[SourceTitle "CBM 097"]
[Source "ChessBase"]
[SourceDate "2003.11.11"]
[SourceVersion "1"]
[SourceVersionDate "2003.11.11"]
[SourceQuality "1"]

1. d4 {Atlas,V} Nf6 2. Nc3 d5 3. Bg5 e6 4. e4 Bb4 5. Nge2 {It's hard to fight
for the opening advantage with such an unambitious move.} (5. e5) 5... dxe4 6.
a3 Be7 7. Bxf6 gxf6 8. Nxe4 f5 9. N4c3 c6 10. g3 (10. Qd3 Nd7 (10... b6 11.
O-O-O Ba6 12. Qe3 Qc7 13. g3 Nd7 14. Bg2 O-O-O 15. Rhe1 Nf6 $13 {Stock,
A-Heidenreich,M/Waldfischbach 1995}) 11. O-O-O b6 12. g3 Bb7 13. Bg2 Qc7 14.
Nf4 O-O-O 15. Kb1 Kb8 16. Qe2 Nf6 17. Rd2 a6 18. Rhd1 $14 {Roedl,L-Saemisch,F/
Dresden 1936}) 10... b6 11. Bg2 Bb7 12. Qd3 $6 {[%csl Rd3] Queen is taking
knight's place..White knight has nothing much to do on e2, so it should be
transferred to e5 via d3.} (12. O-O Nd7 13. Nf4 Nf6 14. b4 Qd7 (14... Qc7 15.
Qe2 Nd5 16. Ncxd5 cxd5 17. c4 dxc4 18. Bxb7 Qxb7 19. Qxc4 $16 {Van Mil,
J-Apicella,M/Budapest 1991}) 15. Nce2 O-O 16. c4 Rfd8 17. Qb3 Bf8 18. Rad1 $14
{Bosboom,M-Matlak,M/Bielsko Biala 1988}) (12. Qd2 Nd7 13. O-O-O Qc7 14. f4
O-O-O 15. Qe3 Nf6 16. h3 h5 17. Bf3 Bd6 18. Kb1 Ba6 $13 {Boulanger,T-Dufrenoy,
M/FRA 1989}) (12. Nf4 Nd7 13. Qd2 (13. Qe2 Nf6 14. O-O-O Qd7 15. Nd3 Nd5 16.
Bxd5 cxd5 17. Ne5 $16 {Polgar,Z-Bosman,M/Breda 1997}) 13... Qc7 14. O-O-O O-O-O
15. Rhe1 Bd6 16. Nd3 Nf6 17. f4 h5 18. h4 Rhg8 $15 {Hernandez Basante,
F-Murillo,A/San Jose 1994}) 12... Nd7 13. Nd1 Qc7 14. c4 (14. Ne3 O-O-O 15. Nc4
(15. O-O-O $6 Nc5 16. Qc3 Ne4 17. Qe1 c5 $15) 15... c5 16. Bxb7+ Kxb7 17. O-O-O
$13) 14... O-O-O 15. Ne3 Kb8 16. Qc2 Bd6 17. f4 $6 {[%csl Rg3] Weakening g3
for no particular reason.} (17. O-O-O f4 18. gxf4 Bxf4 19. Nxf4 Qxf4 20. Qe4
Qxe4 21. Bxe4 Nf6 22. Bf3 c5 $11) 17... h5 18. h4 Nf6 19. O-O-O c5 20. d5 Rhe8
{[%cal Ge8e2]} 21. Nc3 (21. Rhe1 a6 22. Kb1) 21... a6 22. Rhe1 Rg8 23. Nf1 $6 {
Missing black's reply. It was necessary to take on e6 first with unclear
position.} (23. dxe6 fxe6 24. Bxb7 Kxb7 25. Nf1 $13) 23... Rxg3 $1 {Atlas,V:
'This exchange sacrifice yields Black a dangerous initiative.' Atlas,V:
'Dieses Qualitätsopfer verschafft Schwarz eine gefährliche Initiative.'} 24.
Nxg3 Bxf4+ 25. Kb1 Bxg3 $15 26. Re2 Bc8 27. Rd3 Be5 28. Na4 (28. dxe6 Rxd3 29.
Qxd3 fxe6 30. Qf3 Qd6 31. Qa8+ Kc7 32. Kc2 Bd4 $15) 28... Ka7 29. Rb3 Nd7 30.
Bf3 Rg8 31. Bxh5 exd5 32. cxd5 b5 33. Nc3 c4 34. Rxb5 $2 {Painfull blunder
leading to immediate loss.} ({Atlas,V: After this move Black gets a decisive
advantage. White had to play instead Atlas,V: Nach diesem Zug kommt Schwarz
entscheidend in Vorteil. Erforderlich war stattdessen} 34. Rb4 {Atlas,V: 'or
34.Nb5!?' Atlas,V: 'oder 34.Nb5!?'} Bd6 35. Rxb5 Rg1+ 36. Ka2 Rg3 37. Bxf7 Rxc3
38. Qxc3 axb5 39. Be6 $15) 34... Bxc3 35. d6 Qxd6 36. Rxf5 Rg1+ 37. Ka2 Qxa3+
$3 {Atlas,V: 'This beautiful queen sacrifice crowns Black's attack:' Atlas,V:
'Dieses wunderschöne Damenopfer krönt den schwarzen Angriff.'} 38. bxa3 {
Atlas,V} (38. Kxa3 {Atlas,V} Ra1#) (38. bxa3 Ra1#) 38... Ra1# 0-1